000 00642nam a2200181 a 4500
001 000261514
003 AM-YeHGA
005 20250618071741.0
008 030912s1966 ||||||||||||||||||||arm|c
040 _aAM-YeHGA
100 1 _aԳրիգորյան, Վահագն Վահանի,
_d1942-
_9376
245 1 0 _aԲոլոր օրերի ոտնաձայները :
_b[Վեպ] /
_cՎ. Գրիգորյան; Խմբ.՝ Ռ.Հ. Քալաշյան.
260 _aԵրևան :
_bՀայաստան,
_c1966.
300 _a237 էջ ;
_c16 սմ.
650 1 4 _aՀայ գրականություն
_xՎեպ
700 1 _aՔալաշյան, Ռ.Հ.
_eխմբ.
_4edt
090 _c95937
999 _c94636
_d94636